The traditions of Northern India/ (Record no. 210557)

MARC details
000 -LEADER
fixed length control field 00605nam a22001937a 4500
005 - DATE AND TIME OF LATEST TRANSACTION
control field 20250327165537.0
010 ## - LCCN (DPL NO)
LC control number ENG-144313
020 ## - INTERNATIONAL STANDARD BOOK NUMBER
International Standard Book Number 9788182901193
Terms of availability 2500.00
035 ## - SYSTEM CONTROL NUMBER
System control number EN-127845
037 ## - SOURCE OF ACQUISITION
Source of stock number/acquisition DBAD
082 ## - DEWEY DECIMAL CLASSIFICATION NUMBER
Classification number 954.14
Edition number 1
100 ## - MAIN ENTRY--PERSONAL NAME
Personal name Gulia, Bhup Singh
245 ## - TITLE STATEMENT
Title The traditions of Northern India/
Statement of responsibility, etc Bhup Singh Gulia
260 ## - PUBLICATION, DISTRIBUTION, ETC. (IMPRINT)
Place of publication, distribution, etc Gurgaon
Name of publisher, distributor, etc Shubhi Publications
Date of publication, distribution, etc 2008
270 ## - ADDRESS
City Gurgaon
Address 240, 2nd floor, city center
Postal code 122002
300 ## - PHYSICAL DESCRIPTION
Extent 162p.
Dimensions 28 cm(hb)
500 ## - GENERAL NOTE
General note A Study of Art, Architecture and Crafts in Haryana
942 ## - ADDED ENTRY ELEMENTS (KOHA)
Source of classification or shelving scheme Dewey Decimal Classification
Item type English Books
Classification part 954.14
Call number suffix GUL
Holdings
Withdrawn status Lost status Not for loan Collection code Home library Current library Date acquired Source of acquisition Cost, normal purchase price Full call number Barcode Copy number Cost, replacement price Koha item type
    Not For Loan Reference D.B.Act.Division D.B.Act.Division 27/03/2025 Delivery of Books Act Division 2500.00 954.14 GUL EN-127845 1 2500.00 English Books

© Delhi Public Library
Hit Counter
free hit counter